01708cam a22004217a 4500003000500000005001700005008004100022010001000063011001000073035001000083040000900093090001000102100003500112245013600147260004000283300002200323502008900345590003700434590004100471590004100512590004100553590004100594590004100635590004200676650002600718650003000744650002900774650003000803650002900833650003200862901000700894942000900901949004300910949005500953999001701008952013301025952012801158CHAP20220329141010.0971013s1996 r 00010 d a61080 a62052 a66226 cCHAP aTesis00aGarcilazo Rojas, Hilda.945658 0aEstacionalidad de la producción y precios de naranja Valencia, limón Mexicano y limón Persa en la Central de Abastos del D.F. aChapingo, Méx. :bEl autor,c1996 a88 h.b; gráfs. aTesis (Lic. en Economía Agrícola) -- UACH. Departamento de Economía Agrícola aALEPHb10c20130110lUCH01h1340 aBATCH-UPDb10c20130110lUCH01h0126 aBATCH-UPDb10c20130110lUCH01h1241 aBATCH-UPDb10c20130409lUCH01h2120 aBATCH-UPDb10c20130410lUCH01h0807 aBATCH-UPDb10c20130914lUCH01h1527 aCONVERSIONb10c20130109lUCH01h133314aLimón persa.96686514aLimónxMercadeo.96683814aLimónxPrecios.96684514aNaranjaxMercadeo.98017614aNaranjaxPrecios.98018314aNaranjaxVariedades.980194 aBK cFOLL bBCcTESd-151394eTS1h29314i66226si bBCcTESd33724000620498eTS2fc.2h29315i66226si c61080d61080 00102local4053708TESISaBCbBCcPA_TESISd2019-12-31fTESISl0p33724000620498r2019-12-31 00:00:00tc.2w2019-12-31yTESIS 00102local4051708TESISaBCbBCcPA_TESISd2019-12-31fTESISl0oTesisp-151394r2019-12-31 00:00:00w2019-12-31yTESIS